LEADER 01046nam--2200361---450- 001 990002443960203316 005 20050624100021.0 010 $a88-88142-37-1 035 $a000244396 035 $aUSA01000244396 035 $a(ALEPH)000244396USA01 035 $a000244396 100 $a20050624d2003----km-y0itay0103----ba 101 $aita 102 $aIT 105 $a||||||||001yy 200 1 $aSanfedisti, carbonari, magistrati del re$eil Regno delle Due Sicilie tra restaurazione e rivoluzione$fEmilio Gin 210 $aNapoli$cLibreria Dante & Descartes$dc2003 215 $a200 p.$d22 cm 410 0$12001 454 1$12001 461 1$1001-------$12001 606 0 $aRegno delle Due Sicilie <1815-1860>$z1820-1822 676 $a945.70832 700 1$aGIN,$bEmilio$0496862 801 0$aIT$bsalbc$gISBD 912 $a990002443960203316 951 $aV 6 B 126 959 $aBK 969 $aDSSS 979 $aDSSS$b10$c20050624$lUSA01$h1000 996 $aSanfedisti, carbonari, magistrati del re$91057492 997 $aUNISA LEADER 02150nam 2200505 450 001 9910704275803321 005 20160115131644.0 035 $a(CKB)5470000002438914 035 $a(OCoLC)934820606 035 $a(EXLCZ)995470000002438914 100 $a20160115j201511 ua 0 101 0 $aeng 135 $aurcn||||||||| 181 $ctxt$2rdacontent 182 $cc$2rdamedia 183 $acr$2rdacarrier 200 10$a60NiTi intermetallic material evaluation for lightweight and corrosion resistant spherical sliding bearings for aerospace applications $ereport on NASA-Kamatics SAA3-1288 /$fChristopher DellaCorte, Michael Jefferson 210 1$aCleveland, Ohio :$cNational Aeronautics and Space Administration, Glenn Research Center,$dNovember 2015. 215 $a1 online resource (14 pages) $ccolor illustrations 225 1 $aNASA/TM ;$v2015-218723 300 $aTitle from title screen (viewed on Jan. 15, 2016). 300 $a"November 2015." 300 $a"Prepared for the Tribology Frontiers Conference sponsored by the Society of Tribologists and Lubrication Engineers (STLE), Denver, Colorado, October 25-27, 2015." 320 $aIncludes bibliographical references (page 14). 517 $a60NiTi intermetallic material evaluation for lightweight and corrosion resistant spherical sliding bearings for aerospace applications 606 $aBearings$2nasat 606 $aCorrosion resistance$2nasat 606 $aIntermetallics$2nasat 606 $aStainless steels$2nasat 606 $aTribology$2nasat 615 7$aBearings. 615 7$aCorrosion resistance. 615 7$aIntermetallics. 615 7$aStainless steels. 615 7$aTribology. 700 $aDellaCorte$b Christopher$01386701 702 $aJefferson$b Michael 712 02$aFundamental Aeronautics Program (U.S.), 712 02$aNASA Glenn Research Center, 801 0$bGPO 801 1$bGPO 906 $aBOOK 912 $a9910704275803321 996 $a60NiTi intermetallic material evaluation for lightweight and corrosion resistant spherical sliding bearings for aerospace applications$93486189 997 $aUNINA